Fiqh Syafii / (Record no. 950)

000 -LEADER
fixed length control field nam a22 a 4500
003 - CONTROL NUMBER IDENTIFIER
control field AKMAL
005 - DATE AND TIME OF LATEST TRANSACTION
control field 20170508095314.0
008 - FIXED-LENGTH DATA ELEMENTS--GENERAL INFORMATION
fixed length control field 170508s2000 my 00 may d
020 ## - INTERNATIONAL STANDARD BOOK NUMBER
International Standard Book Number 9679372006 (jil. 1 : kkt.):
Terms of availability RM30.00 satu jil.
020 ## - INTERNATIONAL STANDARD BOOK NUMBER
International Standard Book Number 9679372286 (jil. 2 : kkt.):
Terms of availability RM30.00 satu jil.
040 ## - CATALOGING SOURCE
Original cataloging agency AKMAL
082 04 - DEWEY DECIMAL CLASSIFICATION NUMBER
Classification number 297.14 IDR
Edition number 21
090 00 - LOCALLY ASSIGNED LC-TYPE CALL NUMBER (OCLC); LOCAL CALL NUMBER (RLIN)
Classification number (OCLC) (R) ; Classification number, CALL (RLIN) (NR) 297.14
Local cutter number (OCLC) ; Book number/undivided call number, CALL (RLIN) IDR
100 0# - MAIN ENTRY--PERSONAL NAME
Personal name Ahmad, Idris
9 (RLIN) 2021
245 10 - TITLE STATEMENT
Title Fiqh Syafii /
Statement of responsibility, etc. Al-Ustaz H. Idris Ahmad S.H.
250 ## - EDITION STATEMENT
Edition statement Ed. baru
260 ## - PUBLICATION, DISTRIBUTION, ETC.
Place of publication, distribution, etc. Kuala Lumpur :
Name of publisher, distributor, etc. Pustaka Antara,
Date of publication, distribution, etc. 2000
300 00 - PHYSICAL DESCRIPTION
Extent xxii, 508ms. ;
Dimensions 21cm
500 ## - GENERAL NOTE
General note Mengandungi ayat-ayat dari Quran
504 ## - BIBLIOGRAPHY, ETC. NOTE
Bibliography, etc. note Mengandungi rujukan bibliografi
650 #0 - SUBJECT ADDED ENTRY--TOPICAL TERM
Topical term or geographic name entry element Islamic law
9 (RLIN) 1728
650 #0 - SUBJECT ADDED ENTRY--TOPICAL TERM
Topical term or geographic name entry element Shafiites
9 (RLIN) 2022
650 #0 - SUBJECT ADDED ENTRY--TOPICAL TERM
Topical term or geographic name entry element Islam
General subdivision Customs and practices
9 (RLIN) 1330
942 ## - ADDED ENTRY ELEMENTS (KOHA)
Source of classification or shelving scheme
Koha item type Book
Holdings
Withdrawn status Lost status Source of classification or shelving scheme Damaged status Not for loan Collection code Home library Current library Shelving location Date acquired Inventory number Full call number Barcode Date last seen Price effective from Koha item type
          NON-FICTION AKMAL Melaka AKMAL Melaka PINJAMAN 08.05.2017 000412 (JILID I) 297.14 IDR 201701911 08.05.2017 08.05.2017 Book
          NON-FICTION AKMAL Melaka AKMAL Melaka PINJAMAN 09.01.2024 002635 (JILID II) 297.14 IDR 201708211 09.01.2024 09.01.2024 Book
Pusat Sumber Maklumat Dato' Haji Sarmin Md Hussin, Akademi Kastam Diraja Malaysia, Melaka
Tel: 06-2331106 | Faks: 06-2313787